|
|
|
|
| LEADER |
00000nam a2200000 a 4500 |
| 001 |
vtls001357302 |
| 003 |
SK-MaSNL |
| 005 |
20260301114956.0 |
| 008 |
240314s1964 xx 0 und |
| 035 |
|
|
|a SNK000310796
|
| 040 |
|
|
|a SNK
|b slo
|c SNK
|e AACR2
|
| 100 |
1 |
|
|a Kropilák, Miroslav,
|d 1918-1995
|4 aut
|9 114259
|
| 245 |
1 |
0 |
|a Malý slovník Slovenského národného povstania
|
| 260 |
|
|
|a Bratislava
|b VPL
|c 1964
|
| 300 |
|
|
|a 311 s.
|
| 958 |
|
|
|a OND
|
| 999 |
|
|
|c 720466
|d 722396
|
| 952 |
|
|
|a SNK
|b SNK
|y PREZ
|7 0
|p 17A0764359
|o snkSD 25831
|0 0
|1 0
|4 0
|d 2011-11-17
|l 0
|r 2026-02-23 21:58:11
|w 2026-02-23
|
| 952 |
|
|
|t P60, <04>, [BOOK], {604}
|a SNK
|b SNK
|y VYP
|7 0
|p 17A0184563
|o snkSD 25831 D1
|0 0
|1 0
|4 0
|d 1999-03-09
|l 0
|r 2005-01-02 00:00:00
|w 2026-02-23
|